Direito da regulação econômica : (Record no. 197)

MARC details
000 -LÍDER
Campo Fixo de Controle 00792cam a2200253 a 4500
001 - NÚMERO DE CONTROLE
Campo de Controle 197
003 - IDENTIFICAÇÃO DO NÚMERO DE CONTROLE
Campo de Controle BR-CuiBMT
005 - DATA E HORA DA ÚLTIMA ATUALIZAÇÃO
Campo de Controle 20231108000032.0
008 - DADOS FIXOS
Dados Fixos 230828s2023 mgb 000 0 por d
020 ## - INTERNATIONAL STANDARD BOOK NUMBER
Nº do ISBN 9788545007449
040 ## - AGÊNCIA CATALOGADORA
Código da Agência Catalogadora BR-CuiBMT
Agência que transcreveu o registro BR-CuiBMT
080 ## - Nº DA CLASSIFICAÇÃO DECIMAL UNIVERSAL
Nº edição CDU 2007
Nº Class. CDU 342.9:35.078.2
090 ## - NÚMERO DE CHAMADA
Nº classificação 342.9:35.078.2
Cutter D598
245 00 - TÍTULO PRINCIPAL
Título principal Direito da regulação econômica :
Subtítulo teoria e prática /
Indicação de responsabilidade Gustavo Binenbojm ... [et al.].
260 ## - PUBLICAÇÃO, DISTRIBUIÇÃO, ETC.
Local de publicação Belo Horizonte :
Editora Fórum,
Data c2020.
300 ## - DESCRIÇÃO FÍSICA
N. páginas ou volumes 400 p. ;
Dimensões 24 cm
504 ## - NOTA DE BIBLIOGRAFIA, ETC.
Nota de bibliografia Inclui bibliografia.
590 ## - NOTA LOCAL
Nota local A biblioteca possui a 1. reimpr. 2020.
650 ## - ASSUNTO TÓPICO
Cabeçalho tópico ou nome geográfico Direito administrativo
650 ## - ASSUNTO TÓPICO
Cabeçalho tópico ou nome geográfico Direito regulatório
650 ## - ASSUNTO TÓPICO
Cabeçalho tópico ou nome geográfico Economia
Subdivisão geral Aspectos regulatórios
700 1# - ENTRADA SECUNDÁRIA -- NOME PESSOAL
Nome pessoal Binenbojm, Gustavo,
Datas associadas ao nome 1972-
Cód. do termo explicativo et al.
942 ## - ELEMENTOS DE ENTRADA ADICIONAIS (KOHA)
Fonte de classificação ou esquema de arquivamento Classificação Decimal Universal
Tipo de item do Koha Livros
Holdings
Estado: removido Estado: perdido Fonte de classificação ou esquema de arquivamento Estado: danificado Indisponível para empréstimo Localização permanente Localização atual Data de aquisição Total Checkouts Número de Chamada completo Código de barras Date last seen Número do exemplar Preço efetivo a partir de Tipo de item (Koha) Nota pública
    Classificação Decimal Universal     Biblioteca da Escola Superior de Contas do TCE/MT Biblioteca da Escola Superior de Contas do TCE/MT 28/06/2023   342.9:35.078.2 D598 BIBTCEMT23080174 28/08/2023 Ex. 1 28/08/2023 Livros 1. reimpr. 2023

Powered by Koha